000 00747nam a22002297a 4500
005 20170124110237.0
010 _aA-024217
020 _c00.00
035 _aA-024217
037 _bCen Lib/Ret
040 _aDPL
_bEN
082 _a921
_bGAN
100 _aGandhi, Maneka
_925218
245 _aSanjay Gandhi /
_cby Maneka Gandhi ; edited by T S Nagarajan
260 _aBombay
_bVakils, Feffer & Simons
_c1980
270 _aHague Building, 9 Street Road, Ballard Estate
_bBombay
_e400038
300 _aVarious pagings.
_c27cm(Hb)
_bill.
650 _aGandhi, Sanjay, -- 1946-1980 -- Portraits
_942128
650 _aPoliticians -- India -- Portraits
_942129
700 _aNagarajan, T. S
_942130
942 _2ddc
_cEN
_h921
_mGAN
999 _c134908
_d134908